000 00896cab a2200193 4500
001 ##L134506
008 060811n2006 000 0 eng u
035 _a(Sirsi) u134506
041 0 _aeng
100 1 _aKucharek, Jan-Carlos
245 0 0 _aJolly green giants
260 _c2006
490 0 _aRIBA Journal
_v113(8) August 2006, 44-46(3)
520 _aLooks at how the major retail chains in the UK are showing renewed interest in sustainability, which is reflected in the design of new distribution centres and warehouses. The use of such features as grey water harvesting, absorption chillers to redistribute heat and cooling, and new or recycled materials, as well as glulam roof structures, will make a major contribution to achieving zero carbon buildings.
590 _aIKA220806
651 4 _aUnited Kingdom
_y
690 _aBUILT ENVIRONMENT-SUSTAINABLE CONSTRUCTION
942 _n0
999 _c77546
_d77546